000 01751nam2a2200217 4500
001 rc\3054357
005 20260315070225.0
035 _a(NLR Aleph) 007193636
090 _a13625740
_c13625740
100 _a20111011d1946 u y0rusy50 ca
101 0 _arus
105 _ay z |||||
200 1 _aСборник показания по отбору и направлению инвалидов Отечественной войны для лечения в специализированных госпиталях и санаториях Министерства здравоохранения СССР
_fМ-во здравоохранения. Ученый мед. совет
210 _d1946
300 _aЗагл.: Сборник инструктивно-методических материалов
461 0 _1001rc\3054354
_12001#$aСборник инструктивно-методических материалов$fПод общ. ред. зам. министра здравоохранения СССР Н.Н. Приорова$gМинистерство здравоохранения СССР. Гл. упр. госпиталей для инвалидов Отечеств. войны и раненых$vВып. 6
_97562341
_aСССР. Главное управление госпиталей для инвалидов Отечественной войны и раненых
_cМосква
_d1946
_fПод общ. ред. зам. министра здравоохранения СССР Н.Н. Приорова
_nБ. и.
_tСборник инструктивно-методических материалов
_vВып. 6
801 0 _aRU
_bNLR
_gpsbo
801 1 _aRU
_bELAR
_2rusmarc
852 _aNLR
_jМд10 Г-4/84
942 _cUNSPEC
980 _aNB